000 00786nam a2200241Ia 4500
005 20260430150242.0
008 008 250103s9999 xx 000 0 eng d
037 _aTheses
040 _aCRL
040 _beng
040 _ceng
041 _2eng
041 _aeng
084 _qCRL
100 _aShalini Shruti Au.; Tiwari Manisha Gu.
_91236939
245 0 _aDevelopment of potential multifunctional agents from natural and synthetic sources for the treatment of alzheimer's disease: a detailed in-vitro and in-vivo investigation
260 _c2020
300 _a191p.
650 _aScience
700 _aUniversity of Delhi. Faculty of Medical Sciences. Department of B.R. Ambedkar Center for Biomedical Research
_91236528
942 _cTH
999 _c1849332
_d1849332